| 000 | 00439nam a2200133Ia 4500 | ||
|---|---|---|---|
| 008 | 170221s9999 xx 000 0 und d | ||
| 100 | _aIqbal, Uqbah | ||
| 245 | _aBook Review ‘Business According to Islam' (Malay Version) | ||
| 245 | _cUqbah Iqbal | ||
| 260 | _c2012 | ||
| 300 | _a32 : 6 | ||
| 650 | _xBusiness | ||
| 856 | _uhttp://www.omicsgroup.org/journals/book-review-business-according-to-islam-malay-version-2169-0286-1000138.pdf | ||
| 999 |
_c311264 _d311264 |
||